Marketing Management (Record no. 18704)

MARC details
000 -LEADER
fixed length control field 00472nam a22001937a 4500
005 - DATE AND TIME OF LATEST TRANSACTION
control field 20230609141641.0
008 - FIXED-LENGTH DATA ELEMENTS--GENERAL INFORMATION
fixed length control field 230609b |||||||| |||| 00| 0 eng d
020 ## - INTERNATIONAL STANDARD BOOK NUMBER
ISBN 9789834703691
082 ## - DEWEY DECIMAL CLASSIFICATION NUMBER
Classification number 658.8
Item number KAM-M
100 ## - MAIN ENTRY--AUTHOR
Author Name Kamarulzaman;Yusniza
245 ## - TITLE STATEMENT
Title Marketing Management
250 ## - EDITION STATEMENT
Edition statement Revised
260 ## - PUBLICATION, DISTRIBUTION, ETC.
Place of Publication India
Name of publisher, distributor, etc. Oxford
Date of publication, distribution, etc. 2012
300 ## - PHYSICAL DESCRIPTION
Pages 410
500 ## - GENERAL NOTE
General note Index Given
650 ## - SUBJECT ADDED ENTRY--TOPICAL TERM
Subject / Department Marketing
-- Management
700 ## - ADDED ENTRY--PERSONAL NAME
Personal name Yusniza;Kamarulzaman
952 ## - LOCATION AND ITEM INFORMATION (KOHA)
-- 0
-- 0
Holdings
Lost status Damaged status Permanent Location Current Location Shelving Location Date acquired Full Call Number Accession No./Barcode Date last seen item type
    Superior Information Resource Center (SIRC) Superior University- Main Campus Superior Information Resource Center (SIRC) Superior University- Main Campus Marketing/Management 06/09/2023 658.4 KAM-M 2012 4972 06/09/2023 BOOK

Powered by Koha